| 000 | 01475nam a2200265 a 4500 | ||
|---|---|---|---|
| 001 | 81085 | ||
| 003 | BD-RjUL | ||
| 005 | 20230404124415.0 | ||
| 008 | 230116r2019 bg a|||| m||| 00| 0 ben d | ||
| 035 | _a(BD-RjUL)81085 | ||
| 040 |
_aBD-RjUL _bben / eng _cBD-RjUL _dBD-RjUL |
||
| 041 | _aben | ||
| 082 |
_a750.94592 _bPAB 2019 _223 |
||
| 100 |
_aপারভীন, মমতাজ _96594 |
||
| 245 | 0 | 1 |
_aবাংলাদেশের চিত্রকলায় নারী চরিত্র / _cমমতাজ পারভীন ; _6তত্ত্বাবধায়ক : সুশান্ত কুমার অধিকারী |
| 246 | _aFemale Character in the Paintings of Bangladesh / | ||
| 260 |
_aরাজশাহী : _bচারুকলাবিভাগ, রাজশাহী বিশ্ববিদ্যালয়, _c২০১৯ |
||
| 300 |
_axxi, ২৬৭ পাতা : _bচিত্র ; _c২৯ সেমি. |
||
| 502 | _aথিসিস (পিএইচ. ডি ) -- চারুকলাবিভাগ, রাজশাহী বিশ্ববিদ্যালয়, ২০১৯ | ||
| 504 | _aগ্রন্থপঞ্জি : পাতা [২৫৯]-২৬৭ | ||
| 650 |
_aচিত্রকলা _zবাংলাদেশ _96595 |
||
| 650 |
_aPainting _zBangladesh _96596 |
||
| 700 |
_aঅধিকারী , সুশান্ত কুমার, তত্ত্বাবধায়ক _96597 |
||
| 942 |
_2ddc _cTHE |
||
| 999 |
_c81085 _d81085 |
||